Paratitla iuris canonici, sive, Decretalium D. Gregorii Papae IX. summaria ac methodica explicatio opus novum, scholae ac foro, et decretis Concilii Tridentini accommodatum / Andreae Vallensis vulgo del vaulx andanensis, I. V. D. et in alma Academia Lovaniensi ss. canonum professoris ordinarij

Detalles Bibliográficos
Autor principal: Delvaux, André, 1569-1636
Otros Autores: Anisson, Laurent, 1600-1672, ed, Devenet, Jean-Baptiste, ed
Formato: Libro
Lenguaje:Latin
Publicado: Lugduni : sumptibus Laurentii Anisson, & Ioan. Bapt. Devenet, 1658.
Edición:Sexta editio multò accuratiùs quàm antehac emendata, et necessarijs indicibus nunc demùm locupletata
Materias:
Colección:Banco de datos
Acervo:Universidad Autónoma Benito Juárez de Oaxaca. Biblioteca Francisco de Burgoa. Colección antigua
Descripción Física:[12] h., 688 p., [10] h. ; 4°
Tema general:Derecho eclesiástico
Notas:Portada tipográfica a dos tintas con viñeta y pleca en grabado xilográfico.Texto a dos columnas con paginación en números arábigos, reclamos y signaturas. Incluye cabeceras de título con motivos florales en grabado xilográfico. Incluye capitulares con motivos florales en grabado xilográfico. Encuadernación en pergamino. Marca de fuego: Casa del Noviciado de la Compañía de Jesús de Oaxaca, Oax. Marca de fuego: Convento de Santo Domingo. Ex libris manuscrito en la portada: "Nicolas del Puerto". Ex libris manuscrito en la portada: "Collegio de Santa Cruz de Oaxaca". Daños por polilla. Daños en la encuadernación, falta pergamino en el lomo
LEADER 02140nam a22002530004500
035 |a 3563 
041 0 |a lat 
100 1 |a Delvaux, André, 1569-1636 
245 1 0 |a Paratitla iuris canonici, sive, Decretalium D. Gregorii Papae IX. summaria ac methodica explicatio opus novum, scholae ac foro, et decretis Concilii Tridentini accommodatum / Andreae Vallensis vulgo del vaulx andanensis, I. V. D. et in alma Academia Lovaniensi ss. canonum professoris ordinarij 
250 |a Sexta editio multò accuratiùs quàm antehac emendata, et necessarijs indicibus nunc demùm locupletata 
260 |a Lugduni : sumptibus Laurentii Anisson, & Ioan. Bapt. Devenet, 1658. 
300 |a [12] h., 688 p., [10] h. ; 4° 
500 |a Portada tipográfica a dos tintas con viñeta y pleca en grabado xilográfico.Texto a dos columnas con paginación en números arábigos, reclamos y signaturas. Incluye cabeceras de título con motivos florales en grabado xilográfico. Incluye capitulares con motivos florales en grabado xilográfico. Encuadernación en pergamino. Marca de fuego: Casa del Noviciado de la Compañía de Jesús de Oaxaca, Oax. Marca de fuego: Convento de Santo Domingo. Ex libris manuscrito en la portada: "Nicolas del Puerto". Ex libris manuscrito en la portada: "Collegio de Santa Cruz de Oaxaca". Daños por polilla. Daños en la encuadernación, falta pergamino en el lomo 
504 |a Al principio de la obra están el índice de títulos en orden alfabético y el índice de títulos y parágrafos de los libros en orden 
504 |a Al final de la obra está el índice de cosas y palabras  
600 1 4 |a Gregorio IX, papa, 1143-1241. Decretales 
650 1 0 |a Derecho eclesiástico 
700 1 |a Anisson, Laurent, 1600-1672, ed. 
700 1 |a Devenet, Jean-Baptiste, ed. 
740 0 |a Decretalium D. Gregorii Papae IX. Summaria ac methodica explicatio 
852 |a Universidad Autónoma "Benito Juárez" de Oaxaca, Biblioteca Francisco de Burgoa, Colección antigua 9889 
942 |c BURANT 
943 |g Universidad Autónoma Benito Juárez de Oaxaca. Biblioteca Francisco de Burgoa. Colección antigua 
999 |c 1114574  |d 1114574